| 000 | 01691nam a2200289 a 4500 | ||
|---|---|---|---|
| 001 | 000042457 | ||
| 005 | 20201002040153.0 | ||
| 008 | 131203s2010 mx 000 0 spa d | ||
| 020 | _a9788483471104 (obra comp.) | ||
| 040 |
_aDO-SdBNP _bspa _cBNPHU |
||
| 082 |
_a495.68242 _bO98a |
||
| 100 | 1 |
_aOyanguren de Santa Inés, Melchor _d1688-1747) _969620 |
|
| 245 | 1 | 0 |
_aArte de la lengua japona (1738) ; _bTagalysmo elucidado 1742 ; Arte Chínico (1742) / _cMelchor Oyanguren de Santa Inés ; estudio a cargo de Otto Zwartjes. |
| 246 | 1 | 4 |
_aArte de la lengua japona : _bdividido en quatro libros según el arte de Nebrixa, con algunas voces proprias de la escritura, y otras de los lenguajes de Ximo, y del Cami, y con algunas perifrases, y figuras |
| 260 |
_aMadrid : _bAngencia Española de Cooperación Internacional para el Desarrollo, _c2010. |
||
| 300 |
_a227p., [8] h. pleg. ; _c20 cm. |
||
| 500 | _aIncluye referencias bibliográficas y notas al pie de las páginas | ||
| 505 | 0 |
_aV. 1: Arte de la lengua japona dividido en quatro libros segun el arte de Nebrixa..(1738) -- _tV. 2: Tagalismo elucidado y reducido en lo posible a la latinidad de Nebrija...(1742) -- _tV. 3: Arte chinico(1743). Estudio a cargo de Otto Zwartjes. |
|
| 504 | _aBibliografía p. : 151-181 | ||
| 500 | _aGuardado en estuche | ||
| 534 |
_aTagalysmo elucidado _bFascímil _cMéxico : Imprenta de D. Francisco Xavier Sánchez, 1742. |
||
| 650 | 4 |
_aJaponés _xGramática _969621 |
|
| 650 | 4 |
_aJaponés (lengua) _xGramática comparada _969622 |
|
| 650 | 4 |
_aTagalo (lengua) _xGramática comparada _969623 |
|
| 700 | 1 | 2 |
_aZwartjes, Otto _eestudio _969624 |
| 740 | 2 | _aTagalysmo elucidado (1742) y arte chínico (1742) | |
| 999 |
_c41946 _d41946 |
||